All WWI Tanks - Statistics

General Stats
  • This quiz has been taken 55 times
  • The average score is 6 of 30
Answer Stats
Country of Origin Name Number Built Type % Correct
United Kingdom Mark I-VIII 150 Heavy tank
91%
German Empire Sturmpanzerwagen A7V 20 Heavy tank
72%
France Renault FT 1000~ Light tank
65%
France Saint-Chamond 352 Heavy tank
48%
Russian Empire Tsar Tank 1 Prototype heavy tank
35%
United Kingdom Little Willie 1 Prototype medium tank
33%
Italy Fiat 2000 2 Heavy tank
28%
France Schneider CA 400 Heavy tank
28%
United Kingdom Medium mark A 200 Medium tank
26%
United Kingdom Medium mark B 102 Medium tank
20%
United States M1917 950 Light tank
20%
United States Skeleton tank 1 Prototype heavy tank
13%
United States Ford 3-ton Special Tractor M.1918 15 Light tank
9%
Russian Empire Vezdekhod 13 Prototype light tank
9%
France FCM 1A 1 Prototype heavy tank
7%
United States Holt Caterpillar G-9 1 Prototype heavy tank
7%
United States Holt’s ‘America First’ Tank 1? Prototype heavy tank
7%
German Empire Leichter Kampfwagen I 2 Protoype light tank
7%
German Empire Leichter Kampfwagen II 24 Light tank
7%
United States Steam tank 1 Prototype heavy tank
7%
Mexico TNCA Salinas 1 Prototype heavy tank
7%
France Aubriot Gabet tank 1~ Prototype light tank
4%
United States CLB 75 3~ Prototype heavy tank
4%
France Delahaye’s Tank 1~ Prototype light tank
4%
United States Holt gas electric tank 1 Prototype heavy tank
4%
United Kingdom Killen-Strait 1 Prototype heavy tank
4%
United Kingdom Lincoln No. 1 Machine 1 Prototype heavy tank
4%
France Peugeot tank 1 Prototype light tank
4%
France Renault Char d’Assaut 18hp 1 Prototype light tank
4%
United Kingdom Tritton Chaser 1 Prototype heavy tank
4%
No matching quizzes found
Score Distribution
Percent of People with Each Score
Percentile by Number Answered
Your Score History
You have not taken this quiz